[Event "Tournoi Skype 014A"]
[Site "Skype"]
[Date "????.??.??"]
[Round "7.12"]
[White "Maneval, Dustin"]
[Black "Elias, Roberto"]
[Result "0-1"]
[WhiteElo "1532"]
[BlackElo "1809"]
[PlyCount "68"]

1. e4 c5 2. f4 e6 3. e5 Nc6 4. Nf3 d5 5. c3 Nge7 6. Bd3 d4 7. Qc2 Nd5 8. g3 h6
9. a4 a6 10. Na3 b6 11. b3 Bb7 12. Bb2 Nxf4 13. gxf4 Nxe5 14. fxe5 Bxf3 15. h4
Bxh1 16. O-O-O Bb7 17. Nc4 Be7 18. cxd4 cxd4 19. Kb1 Rc8 20. Be4 Bd5 21. Rc1
Bxc4 22. bxc4 Rc7 23. a5 b5 24. Qb3 O-O 25. d3 Bxh4 26. Rg1 Qb8 27. c5 Rxc5 28.
Bxd4 Rxe5 29. Bxe5 Qxe5 30. Qd1 Bf6 31. Rg2 Qa1+ 32. Kc2 Rc8+ 33. Kb3 Rc3+ 34.
Kb4 Be7# 0-1

[Event "Tournoi Skype 014A"]
[Site "Skype"]
[Date "????.??.??"]
[Round "7.13"]
[White "Yardimci, Ertan"]
[Black "Murgia, Stefano"]
[Result "1/2-1/2"]
[WhiteElo "1455"]
[BlackElo "1699"]
[PlyCount "72"]

1. e4 d6 2. Bc4 Nf6 3. d3 g6 4. f4 Bg7 5. Nf3 c6 6. Nc3 Nbd7 7. O-O O-O 8. Qe1
Nb6 9. Bb3 a5 10. a4 d5 11. e5 Ng4 12. h3 Nh6 13. Nh4 Be6 14. d4 Qc8 15. Ne2
Kh8 16. Nf3 Nc4 17. Ng3 Ra6 18. Ng5 Bd7 19. N5e4 Nxe5 20. fxe5 dxe4 21. Bxh6
Bxh6 22. Rxf7 Rxf7 23. Bxf7 Qf8 24. Bb3 e3 25. Ne2 Bg5 26. Qg3 Qh6 27. Rf1 Bf5
28. Qf3 Ra8 29. c3 Rf8 30. Qg3 Bh4 31. Qf4 Bf2+ 32. Kh2 g5 33. Qf3 Bc2 34. Bf7
Bf5 35. Qh5 Qxh5 36. Bxh5 Bd3 1/2-1/2

[Event "Tournoi Skype 014A"]
[Site "Skype"]
[Date "????.??.??"]
[Round "7.14"]
[White "Grib, Johannes"]
[Black "Engstrom, Olle"]
[Result "0-1"]
[WhiteElo "1432"]
[BlackElo "1680"]
[PlyCount "144"]

1. e4 c5 2. Nf3 Nc6 3. Bc4 e6 4. a3 a6 5. a4 d5 6. exd5 exd5 7. Be2 Bd6 8. d4
Nge7 9. c3 O-O 10. Qc2 cxd4 11. O-O Bf5 12. Bd3 Qd7 13. Nbd2 Rac8 14. Bxf5 Qxf5
15. Qb3 dxc3 16. bxc3 Na5 17. Qd1 Rxc3 18. Ra2 Rfc8 19. Ne1 Rxc1 20. Qe2 Qe5
21. Qxe5 Bxe5 22. Nd3 Rxf1+ 23. Kxf1 Bc3 24. Nf3 Nac6 25. Re2 Nf5 26. g4 Nfd4
27. Nxd4 Bxd4 28. Nf4 Be5 29. Nxd5 Bxh2 30. Ne7+ Nxe7 31. Rxe7 Bc7 32. Ke2 Kf8
33. Rd7 Re8+ 34. Kf3 Re7 35. Rd3 Re6 36. g5 Ke8 37. Kg4 Re4+ 38. Kf3 Rf4+ 39.
Ke2 Rxa4 40. Kf1 Ra1+ 41. Kg2 b5 42. Rh3 b4 43. Re3+ Kd7 44. Rd3+ Bd6 45. Rf3
Ke6 46. Re3+ Kf5 47. Rf3+ Bf4 48. Rd3 Ra3 49. Rd7 Ke6 50. Rb7 b3 51. Kf3 Bc1
52. Ke4 b2 53. Rb6+ Kd7 54. Rb7+ Kc6 55. Rb8 Ra1 56. Kd3 b1=Q+ 57. Rxb1 Rxb1
58. Kc2 Ra1 59. f4 Bxf4 60. Kb2 Be5+ 61. Kb3 Kc5 62. Kc2 Kc4 63. Kd2 Bd4 64.
Ke2 Ra2+ 65. Kf3 Kd3 66. Kf4 Rf2+ 67. Kg3 Ke4 68. Kg4 Be5 69. g6 Rg2+ 70. Kh3
Rxg6 71. Kh4 Kf3 72. Kh5 Bf4 0-1

[Event "Tournoi Skype 014A"]
[Site "Skype"]
[Date "????.??.??"]
[Round "7.16"]
[White "Solak, Yusuf"]
[Black "Leost, Joel"]
[Result "1-0"]
[WhiteElo "1514"]
[BlackElo "1442"]
[PlyCount "49"]

1. e4 c5 2. g3 Nc6 3. Bg2 Nf6 4. c3 e6 5. Ne2 d5 6. exd5 exd5 7. d4 Be6 8. O-O
Be7 9. Bg5 cxd4 10. Nxd4 O-O 11. Nd2 Rc8 12. Re1 Nxd4 13. cxd4 Rc6 14. Nf3 h6
15. Bf4 Bd6 16. Ne5 Rc7 17. Qa4 Qe7 18. Qxa7 b5 19. Qb6 Rb8 20. Qxb8+ Kh7 21.
Qxb5 Rb7 22. Qd3+ g6 23. h4 Bf5 24. Qd1 Rxb2 25. Nc4 1-0

[Event "Tournoi Skype 014A"]
[Site "Skype"]
[Date "????.??.??"]
[Round "7.17"]
[White "Loyarte, Frederic"]
[Black "Ergin, Ahmet"]
[Result "0-1"]
[WhiteElo "1544"]
[BlackElo "1770"]
[PlyCount "46"]

1. d4 d5 2. c4 e5 3. Nc3 exd4 4. Nxd5 c6 5. Nf4 Bd6 6. Qxd4 Bb4+ 7. Qd2 Bxd2+
8. Bxd2 Nf6 9. O-O-O Bd7 10. Bb4 Na6 11. Ba3 c5 12. Nf3 Qe7 13. e3 Ne4 14. Nd3
O-O 15. Nfe5 Rad8 16. f3 Nf2 17. Nxd7 Nxd3+ 18. Bxd3 Rxd7 19. Rhe1 Rfd8 20. Bc2
Rxd1+ 21. Bxd1 Qe6 22. b3 Qd6 23. f4 Qd2+ 0-1

[Event "Tournoi Skype 014A"]
[Site "Skype"]
[Date "????.??.??"]
[Round "7.20"]
[White "Fouquereau, Andre"]
[Black "Carballo, Jorge"]
[Result "0-1"]
[WhiteElo "1511"]
[BlackElo "1777"]
[PlyCount "138"]

1. e4 e5 2. Nf3 Nc6 3. c3 Bc5 4. a4 a6 5. b4 Ba7 6. Bc4 Nf6 7. O-O b5 8. Bb3
O-O 9. Bb2 d6 10. Qe2 Bg4 11. h3 Bxf3 12. Qxf3 Ne7 13. d4 exd4 14. cxd4 Ng6 15.
Nc3 c5 16. dxc5 dxc5 17. Rad1 Qe7 18. Nd5 Nxd5 19. Bxd5 Rad8 20. axb5 axb5 21.
bxc5 Bxc5 22. Qb3 b4 23. Qc4 Qa7 24. Ra1 Qc7 25. Kh1 Ne7 26. Bd4 Bd6 27. Qxc7
Bxc7 28. Bc5 Bd6 29. Bb6 Rb8 30. Ra6 Nxd5 31. exd5 Ra8 32. Rfa1 Rxa6 33. Rxa6
Rb8 34. Bd4 Bc7 35. Rc6 Bd8 36. d6 b3 37. d7 Rb7 38. Rc1 Rxd7 39. Re1 f6 40.
Bb2 Kf7 41. g3 Re7 42. Rd1 Bc7 43. Rd2 Be5 44. Kg2 Bxb2 45. Rxb2 Rb7 46. Kf3
Ke6 47. Ke4 Rb4+ 48. Kd3 Kd5 49. Kc3 Rb8 50. Kd3 g6 51. Kc3 Ke4 52. Kd2 Kf3 53.
Kd3 Rd8+ 54. Kc3 Re8 55. Kd2 Re2+ 56. Kc3 Re8 57. Rxb3 Kxf2 58. Kd2 Re2+ 59.
Kd1 Re3 60. Rb2+ Kxg3 61. h4 Kxh4 62. Rh2+ Rh3 63. Rg2 Rg3 64. Rh2+ Rh3 65. Rg2
g5 66. Ke1 h5 67. Kf2 g4 68. Kg1 Rf3 69. Rh2+ Kg5 0-1

[Event "Tournoi Skype 014A"]
[Site "Skype"]
[Date "????.??.??"]
[Round "7.21"]
[White "Bourdeau, Yvan"]
[Black "Antonic, Nenad"]
[Result "1-0"]
[WhiteElo "1703"]
[BlackElo "1530"]
[PlyCount "123"]

1. c4 c5 2. Nc3 Nf6 3. g3 Nc6 4. Bg2 e6 5. d3 Be7 6. Nf3 O-O 7. O-O d5 8. cxd5
exd5 9. d4 cxd4 10. Nxd4 Bc5 11. Nb3 Bb6 12. Nxd5 Nxd5 13. Bxd5 Bh3 14. Bg2
Bxg2 15. Kxg2 Qe7 16. e3 Rfd8 17. Qh5 g6 18. Qe2 Qe4+ 19. f3 Qe7 20. a3 h5 21.
Bd2 Ne5 22. Bb4 Qc7 23. Rac1 Qd7 24. Rfd1 Qe8 25. Bc5 Rac8 26. Bxb6 axb6 27.
Nd4 f5 28. Rxc8 Rxc8 29. Nb5 Qe7 30. b4 Nc4 31. Kf2 h4 32. Rc1 hxg3+ 33. hxg3
Nd6 34. Rxc8+ Nxc8 35. Qc4+ Kh7 36. Qxc8 g5 37. Qc7 Qxc7 38. Nxc7 Kg6 39. Nd5
b5 40. Nc7 Kf6 41. Nxb5 Ke6 42. Nd4+ Ke5 43. f4+ gxf4 44. gxf4+ Ke4 45. a4 Kd5
46. b5 Kc4 47. Nxf5 Kb4 48. e4 Kxa4 49. e5 Kxb5 50. e6 Kc6 51. e7 Kd7 52. Ke3
b5 53. Kd4 b4 54. Kc4 b3 55. Kxb3 Ke8 56. Kc4 Kd7 57. Kd5 Ke8 58. Kc5 Kd7 59.
Kb6 Ke8 60. Kc7 Kf7 61. Kd7 Kf6 62. Kd6 1-0

[Event "Tournoi Skype 014A"]
[Site "Skype"]
[Date "????.??.??"]
[Round "7.22"]
[White "Trivedi, Viral"]
[Black "Holtz, Steve"]
[Result "1-0"]
[WhiteElo "1536"]
[BlackElo "1523"]
[PlyCount "51"]

1. e4 e5 2. Nf3 Nc6 3. Bc4 Nd4 4. c3 Nxf3+ 5. Qxf3 Nf6 6. d4 exd4 7. cxd4 d6 8.
Qb3 Qe7 9. e5 dxe5 10. dxe5 Qxe5+ 11. Be3 Be6 12. Bxe6 fxe6 13. O-O Bd6 14. g3
O-O 15. Nc3 Kh8 16. Bf4 Qf5 17. Bxd6 cxd6 18. Qxb7 Ng4 19. Qg2 Qc2 20. Ne4 d5
21. Ng5 Rf6 22. Nf3 Raf8 23. Rac1 Qxb2 24. h3 Rxf3 25. Qxf3 Rxf3 26. Rc8+ 1-0

[Event "Tournoi Skype 014A"]
[Site "Skype"]
[Date "????.??.??"]
[Round "7.25"]
[White "Duthoit, Bernard"]
[Black "Rajpurohit, Dinesh"]
[Result "1-0"]
[WhiteElo "1487"]
[BlackElo "1665"]
[PlyCount "29"]

1. e4 c5 2. Nf3 g6 3. Nc3 Bg7 4. d4 cxd4 5. Nxd4 Qb6 6. Nb3 Bxc3+ 7. bxc3 Nf6
8. Bh6 Nxe4 9. Be3 Qc7 10. Qd4 Nf6 11. Bg5 e5 12. Qd3 Qc6 13. Qg3 Ne4 14. Qxe5+
Qe6 15. Qxh8# 1-0